01467nam a2200241Ia 4500001000600000003000900006008004100015040001300056040001300069041001300082100002100095100002900116245011200145245005400257250001100311260000900322260001200331260004900343300005900392500072800451650001501179650003101194H5674IT-RoPAU130308s9999 xx 000 0 und d aIT-RoPAU cIT-RoPAU aITALIANO aFloch Jean-Marie gCodice Aut. SPICS: 6587 aQual' è lo statuto dell'enunciazione nella creazione artistica? la risposta mitologica di Jorg Immendorff bSemiotiche della Pittura. I Classici. Le Ricerche a1a ed. aROMA bMeltemi c2004 [1° Ed.:2004 - Ed.Ling.Originale:2004] a"16 p. (prefazione: no ; testo: 16 [pagine: 237-252])" aUniverso pittorico di Immendorff. Approccio Iconologico. figure Ricorrenti. Semiotica: 1 Scienza Empirica. 1 Percorso Ipotetico Deduttivo. Semiotica visiva Come Disciplina della Forma. Senso e Valore della Creazione Artistica. figure Spaziali. Assemblaggio del Bricoleur. motivo della Candela. strutture Profonde. Elaborazione di 1 Discorso Secondo. pittore e gli scenari Diproduzione. Rapporto tra Creazione Artistica e Storia. Creazione Artisticacome bricolage Mitico. Riutilizzi dei Materiali Previncolati della Storia.Materiali Segni. Momenti neri e Grandi protagonisti della Storia. 1 Risposta mitologica e 1 domanda Ideologica. Nuova Concezione Dello Spazio. ruolo della Luce. concezioni Artistiche e forme Plastiche. aSEMIOLOGIA eCodice materia Spics: 3251